000 00297nam a22001337a 4500
008 170622b xxu||||| |||| 00| 0 eng d
020 _a9780131330467
041 _aeng
080 _a328
100 _a21
101 _aSHP
245 _aDIVERSITY AMID GLOBALIZATION
_cLEWIS.R
942 _2udc
_cBK
999 _c18687
_d18687